000 01399nas a22001577a 4500
999 _c14624
_d14624
001 T027600011174-00
005 20191106073648.0
008 190830b xxu||||| |||| 00| 0 esp |
040 _aFEVP
_cFEVP
245 _aUrbana 13
260 _c1993
300 _a108 p.
_c22 x21 ctms
440 _aUrbana
_v13
505 _aEditorial: Los trópicos de lo urbano, Magaly Sánchez R.; Yves Pedrazzini Artìculos: -Tiempos de metrópoli, Magaly Sánchez R.; Yves Pedrazzini. -Dinámica metropolitana: riesgos mayores y desarrollo durable, Pierre Rossel; Jean-Claude Bolay. -Densificación y metrópoli, Teolinda Bolívar. -Quel espoir pour les exclus de la ville monde?, Noël Cannat. -De la crisis al colapso de los servicios públicos en la metrópoli, Esther Elena Marcano. -Metrópoli y territorialización popular contemporánea, Teresa Ontiveros; Julio De Freitas. -¡De quién es la calle? ¿De quién es la basura?, Marie Dominique De Suremain. Reflexiones: -La ciudad tiene los signos que se merece, Roberto Hernández M. -Las bandas juveniles y los procesos de socialización, Alonzo Salazar; Ana María Jaramillo. -Megalópolis y desechos tóxicos, Omar Ovalles. -Tenants, landlords and self-help settlements: a comparison of Caracas, Mexico City and Santiago, Alan Gilbert. Varios: Investigaciones y proyectos de desarrollo del Instituto de Urbanismo 1992-1993.
942 _cREV
_2ddc